|
|
|
|
| LEADER |
00821cam a2200217 7i4500 |
| 001 |
0000002681 |
| 005 |
19991025090000.0 |
| 002 |
##000003936 |
| 020 |
0 |
0 |
|a 981-00-0901-1
|
| 090 |
0 |
0 |
|a B 343.0870263
|b GOH
|
| 100 |
1 |
0 |
|a Goh
|
| 245 |
1 |
0 |
|a Export/import procedures & documentation
|c Goh Tianwah.
|
| 250 |
0 |
0 |
|a Revised edition.
|
| 260 |
0 |
0 |
|a Singapore:
|b Rank Books,
|c 1990.
|
| 300 |
0 |
0 |
|a 127p.
|
| 500 |
0 |
0 |
|a This handbook is for the businessmen and shipping personnels who needs a comprehensive picture and understanding of import and export procedures in Singapore
|
| 650 |
0 |
0 |
|a Foreign trade regulation --
|x Manual, handbook, etc
|
| 650 |
0 |
0 |
|a Procedure (Law)
|
| 650 |
0 |
0 |
|a Documentations
|
| 999 |
|
|
|a 000004229
|b Book
|c Open shelf
|e Business Information Centre
|
| 999 |
|
|
|a 000004222
|b Book
|c Open shelf
|e Business Information Centre
|